Historia de la Villa de Valencia de Don Juan (León) y bosquejo geográfico e histórico del partido judicial de Valencia de Don Juan (Record no. 69623)
[ view plain ]
| 000 -LEADER | |
|---|---|
| campo de control de longitud fija | 00878nam a2200193 i 4500 |
| 001 - NÚMERO DE CONTROL | |
| campo de control | 69623 |
| 003 - IDENTIFICADOR DE NÚMERO DE CONTROL | |
| campo de control | ES-MaACL |
| 005 - FECHA Y HORA DE LA ÚLTIMA TRANSACCIÓN | |
| campo de control | 20230906170548.0 |
| 007 - CAMPO FIJO DE DESCRIPCIÓN FÍSICA--INFORMACIÓN GENERAL | |
| campo de control de longitud fija | t| |
| 008 - DATOS DE LONGITUD FIJA--INFORMACIÓN GENERAL | |
| campo de control de longitud fija | 040708s1948 sp ||||1| spa d |
| 100 1# - ENTRADA PRINCIPAL--NOMBRE DE PERSONA | |
| Nombre de persona | García Fernández, Teófilo. |
| 9 (RLIN) | 54604 |
| 245 10 - MENCIÓN DEL TÍTULO | |
| Título | Historia de la Villa de Valencia de Don Juan (León) y bosquejo geográfico e histórico del partido judicial de Valencia de Don Juan |
| Resto del título | : sus tradiciones, usos y costumbres / |
| Mención de responsabilidad, etc. | por Teófilo García Fernández ; prólogo de Vicente Serrano Puente ; epílogo de Antolín Gutiérrez Cuñado. |
| 260 ## - PUBLICACIÓN, DISTRIBUCIÓN, ETC. | |
| Lugar de publicación, distribución, etc. | [S.l. : |
| Nombre del editor, distribuidor, etc. | s.n., |
| Fecha de publicación, distribución, etc. | 1948] ( |
| Lugar de fabricación/manufactura | Valladolid : |
| Fabricante | Castilla ; Gráf. Su-se) |
| 300 ## - DESCRIPCIÓN FÍSICA | |
| Extensión | 511 p., 29 lám. ; |
| Dimensiones | 22 cm. |
| 651 #4 - PUNTO DE ACCESO ADICIONAL DE MATERIA--NOMBRE GEOGRÁFICO | |
| Nombre geográfico | Valencia de Don Juan- |
| Subdivisión general | Historia. |
| 9 (RLIN) | 157578 |
| 700 1# - ENTRADA AGREGADA--NOMBRE PERSONAL | |
| Nombre de persona | Serrano Puente, Vicente. |
| 9 (RLIN) | 105790 |
| 700 1# - ENTRADA AGREGADA--NOMBRE PERSONAL | |
| Nombre de persona | Gutiérrez Cuñado, Antolín. |
| 9 (RLIN) | 61111 |
| 852 ## - LOCALIZACIÓN | |
| Ubicación | ES-MaACL |
| Número de control de estantería | C-5578 |
| Sublocalización o colección | R.26240 |
| Estatus retirado | Estado de pérdida | Estado de daño | No para préstamo | Biblioteca de origen | Biblioteca actual | Ubicación en estantería | Fecha de adquisición | Fuente de adquisición | Total de préstamos | Signatura topográfica completa | Código de barras | Visto por última vez | Precio de reemplazo | Tipo de ítem Koha |
|---|---|---|---|---|---|---|---|---|---|---|---|---|---|---|
| Biblioteca del Ateneo de Madrid | Biblioteca del Ateneo de Madrid | Sala Palomar | 17/01/2008 | C-5578 | 1072903 | 23/02/2023 | 23/02/2023 | Libro impreso |
